| 000 | 00566nam a2200193 a 4500 | ||
|---|---|---|---|
| 001 | 1766296075721 | ||
| 003 | YourLibrary | ||
| 005 | 20251221111916.0 | ||
| 008 | 251221s2009##################000#0#eng## | ||
| 020 | _a9780231142755 | ||
| 082 | 0 | 4 |
_a616.86 _bAND |
| 100 | 1 |
_aAnderson, Sandra Caughran, _eauthor. |
|
| 245 | 1 | 0 | _aSubstance Use Disorders in Lesbian, Gay, Bisexual, and Transgender Clients : |
| 260 |
_bColumbia University Press, _c2009. |
||
| 300 | _a297 pages | ||
| 650 | 0 | _aPsychology. | |
| 942 | _cENGLISH | ||
| 040 |
_aYourLibrary _beng _cYourLibrary |
||
| 999 |
_c603340 _d603340 |
||